LIBRARY & INFORMATION CENTRE, KCAET, TAVANUR

ONLINE PUBLIC ACCESS CATALOGUE (OPAC)

Farm Power and Machinery Management (Principles and Practices) Volume - 1 (Record no. 14701)

MARC details
000 -LEADER
fixed length control field 00345nam a22001337a 4500
020 ## - INTERNATIONAL STANDARD BOOK NUMBER
ISBN 9788183601887
082 ## - DEWEY DECIMAL CLASSIFICATION NUMBER
Classification number 631.3068
Item number SHA/FA
100 ## - MAIN ENTRY--AUTHOR NAME
Personal name Sharma D.N.
245 ## - TITLE STATEMENT
Title Farm Power and Machinery Management (Principles and Practices) Volume - 1
250 ## - EDITION STATEMENT
Edition statement 1
260 ## - PUBLICATION, DISTRIBUTION, ETC. (IMPRINT)
Place of publication New Delhi
Name of publisher Jain Brothers
Year of publication 2013
300 ## - PHYSICAL DESCRIPTION
Number of Pages 334
942 ## - ADDED ENTRY ELEMENTS (KOHA)
Koha item type Book Bank scheme for SC students
Holdings
Withdrawn status Lost status Damaged status Home library Current library Shelving location Date acquired Source of acquisition Cost, normal purchase price Full call number Accession Number Koha item type Collection code
      KAUAET KAUAET Scheme 18/08/2016 Penta Books Distributors, Calicut. 295.00 631.3068 SHA/FA BB 402 Book Bank scheme for SC students  
      KAUAET KAUAET General Stacks 31/03/2018 Aman Books, Calicut 295.00 631.3068 SHA/FA 25742 Books  
      KAUAET KAUAET General Stacks 31/03/2018 Aman Books, Calicut 295.00 631.3068 SHA/FA 25743 Books  
      KAUAET KAUAET General Stacks 31/03/2018 Aman Books, Calicut 295.00 631.3068 SHA/FA 25744 Books  
free website counter